[Event "ROM-chT"]
[Site "Mamaia"]
[Date "2024.10.02"]
[Round "5.2"]
[White "Soltanici, Ruslan"]
[Black "Kourkoulos Arditis, Stamatis"]
[Result "0-1"]
[WhiteElo "2316"]
[BlackElo "2570"]
[PlyCount "118"]
[EventDate "2024.09.28"]
[EventType "team-tourn"]
[EventRounds "9"]
[EventCountry "ROU"]
[SourceTitle "EXT 2025"]
[Source "ChessBase"]
[SourceDate "2024.10.14"]
[SourceVersion "1"]
[SourceVersionDate "2024.10.14"]
[SourceQuality "1"]
[WhiteTeam "Techirghiol Sparta"]
[BlackTeam "Timisoara Vest Univ"]
[WhiteTeamCountry "ROU"]
[BlackTeamCountry "ROU"]

1. e4 e5 2. Nf3 Nc6 3. Bb5 a6 4. Ba4 Bc5 5. 0-0 Nge7 6. Bxc6 Nxc6 7. Nxe5 Nxe5 8. d4 Bd6 9. dxe5 Bxe5 10. f4 Bd6 11. Be3 0-0 12. Nc3 Re8 13. Qf3 Bf8 14. Rad1 d6 15. Nd5 b5 16. Rfe1 Rb8 17. f5 f6 18. Bd4 c6 19. Nf4 Qc7 20. b3 Qf7 21. g4 Rb7 22. Bf2 Rbe7 23. h4 g6 24. Bg3 b4 25. Kh2 d5 26. fxg6 hxg6 27. exd5 Rxe1 28. Rxe1 Rxe1 29. Bxe1 cxd5 30. Bg3 d4 31. Nd5 f5 32. g5 Bb7 33. Nf6+ Qxf6 34. Qxb7 Qe6 35. Qc7 Qe2+ 36. Kg1 Qd1+ 37. Kh2 Qe2+ 38. Kg1 Be7 39. Qe5 Qe4 40. Qxe4 fxe4 41. Be5 Bc5 42. Kg2 Kf7 43. Bc7 Ke6 44. Bb8 Kf5 45. Kg3 Bf8 46. Bc7 Bg7 47. Ba5 Be5+ 48. Kf2 Kg4 49. Bxb4 Kxh4 50. Be7 Kg4 51. b4 Kf5 52. a4 Ke6 53. Bf6 Kd5 54. Ke2 Bc7 55. Be7 Kc4 56. Kd1 Bf4 57. Ke2 Kc3 58. Kd1 d3 59. cxd3 Kxd3 0-1

[Event "TUR-chT 1st League"]
[Site "Denizli"]
[Date "2024.07.16"]
[Round "2.44"]
[White "Yelligedik, Murat"]
[Black "Soltanici, Ruslan"]
[Result "1/2-1/2"]
[WhiteElo "1984"]
[BlackElo "2318"]
[PlyCount "64"]
[EventDate "2024.07.15"]
[EventType "team-swiss"]
[EventRounds "9"]
[EventCountry "TUR"]
[SourceTitle "EXT 2025"]
[Source "ChessBase"]
[SourceDate "2024.10.14"]
[SourceVersion "1"]
[SourceVersionDate "2024.10.14"]
[SourceQuality "1"]
[WhiteTeam "Yalova Belediye"]
[BlackTeam "Samandag Altin"]
[WhiteTeamCountry "TUR"]
[BlackTeamCountry "TUR"]

1. e4 c5 2. Nf3 d6 3. Bb5+ Nd7 4. d4 cxd4 5. Qxd4 a6 6. Bxd7+ Bxd7 7. c4 e5 8. Qd3 b5 9. Nc3 Qb8 10. b3 h6 11. a4 bxc4 12. bxc4 Nf6 13. 0-0 Be7 14. Be3 0-0 15. Rfb1 Qc7 16. Bb6 Qc6 17. Nd5 Nxd5 18. cxd5 Qc8 19. Qa3 Qc2 20. Nxe5 dxe5 21. Qxe7 Bxa4 22. Rb4 Rfe8 23. Qc7 Qxc7 24. Bxc7 Bd7 25. f3 f6 26. Ra5 Ra7 27. d6 Kf7 28. Rb6 Ke6 29. Raxa6 Rxa6 30. Rxa6 h5 31. Kf2 h4 32. Ra1 Rh8 1/2-1/2

[Event "TUR-chT 1st League"]
[Site "Denizli"]
[Date "2024.07.15"]
[Round "1.32"]
[White "Soltanici, Ruslan"]
[Black "Zaksaite, Salomeja"]
[Result "0-1"]
[WhiteElo "2318"]
[BlackElo "2210"]
[PlyCount "110"]
[EventDate "2024.07.15"]
[EventType "team-swiss"]
[EventRounds "9"]
[EventCountry "TUR"]
[SourceTitle "EXT 2025"]
[Source "ChessBase"]
[SourceDate "2024.10.14"]
[SourceVersion "1"]
[SourceVersionDate "2024.10.14"]
[SourceQuality "1"]
[WhiteTeam "Samandag Altin"]
[BlackTeam "Guzelbahce Altyapi"]
[WhiteTeamCountry "TUR"]
[BlackTeamCountry "TUR"]

1. e4 e5 2. Nf3 Nf6 3. Nxe5 d6 4. Nf3 Nxe4 5. d4 Nf6 6. Bd3 Be7 7. h3 0-0 8. 0-0 c6 9. c4 Re8 10. Nc3 Nbd7 11. Re1 Nf8 12. Bf4 a6 13. Qd2 b5 14. d5 bxc4 15. Bxc4 c5 16. Re2 Ng6 17. Bh2 Bf8 18. Rxe8 Qxe8 19. Re1 Qd8 20. Qd3 Bb7 21. Ng5 Qd7 22. Kf1 Bc8 23. Re3 Qf5 24. Qxf5 Bxf5 25. g4 Bd7 26. Nge4 Ne8 27. f4 f5 28. Nf2 h6 29. Be2 Rb8 30. b3 a5 31. Nd3 Be7 32. gxf5 Bxf5 33. Bg4 Bxd3+ 34. Rxd3 Bf6 35. Be6+ Kf8 36. Ne4 Rb4 37. Re3 Bd4 38. Re2 a4 39. Bd7 axb3 40. axb3 Nf6 41. Nxd6 Rxb3 42. f5 Nh4 43. Be6 Rb1+ 44. Re1 Rxe1+ 45. Kxe1 Nf3+ 46. Ke2 Nxh2 47. Nb5 Ke7 48. d6+ Kd8 49. Na7 Nd7 50. Nc6+ Ke8 51. Nxd4 cxd4 52. Kd3 Nf3 53. Bd5 Nde5+ 54. Ke2 d3+ 55. Ke3 d2 0-1

[Event "Cluj GP Rapid"]
[Site "Cluj"]
[Date "2024.06.14"]
[Round "7"]
[White "Solodovnichenko, Yuri"]
[Black "Soltanici, Ruslan"]
[Result "0-1"]
[WhiteElo "2481"]
[BlackElo "2319"]
[PlyCount "115"]
[EventDate "2024.06.13"]
[EventType "swiss (rapid)"]
[EventRounds "10"]
[EventCountry "ROU"]
[SourceTitle "CBM 220 Extra"]
[Source "ChessBase"]
[SourceDate "2024.07.31"]
[SourceVersion "1"]
[SourceVersionDate "2024.07.31"]
[SourceQuality "1"]

1. e4 c5 2. Nf3 d6 3. d4 cxd4 4. Nxd4 Nf6 5. Nc3 a6 6. Be3 e6 7. f3 b5 8. g4 h6 9. Qd2 b4 10. Nd1 Nbd7 11. Nc6 Qc7 12. Nxb4 d5 13. exd5 Bxb4 14. Qxb4 Nxd5 15. Qd2 Ne5 16. Be2 Bb7 17. 0-0 Rd8 18. Bd4 0-0 19. Nc3 Nc6 20. Bc5 Ndb4 21. Bd3 Rfe8 22. Qe3 Nxd3 23. cxd3 Qd7 24. Rad1 Ne7 25. Ne4 Nd5 26. Qd2 e5 27. Bf2 Nf4 28. Bh4 Bxe4 29. Bxd8 Rxd8 30. Qe3 Bc6 31. Rc1 f6 32. d4 Bb5 33. Rfe1 Nd3 34. dxe5 Nxe1 35. Rxe1 fxe5 36. Qxe5 Re8 37. Qc3 Rxe1+ 38. Qxe1 Qd4+ 39. Qf2 Qd5 40. a3 Qd3 41. h3 Qb1+ 42. Kg2 Qd3 43. Kg3 Kf7 44. Qa7+ Kg6 45. Qb6+ Kh7 46. Qf2 Bc6 47. Kg2 Kg6 48. Kg3 Qd6+ 49. Kg2 Qd3 50. Kg3 Kf6 51. h4 Qd6+ 52. Kg2 Qd5 53. h5 Qc4 54. Kg3 Qd5 55. Kg2 Qd6 56. Qh4+ Kf7 57. Qf2 Qf4 58. Qg3 0-1

[Event "Cluj GP Rapid"]
[Site "Cluj"]
[Date "2024.06.13"]
[Round "4"]
[White "Soltanici, Ruslan"]
[Black "Banusz, Tamas"]
[Result "1/2-1/2"]
[WhiteElo "2319"]
[BlackElo "2605"]
[PlyCount "178"]
[EventDate "2024.06.13"]
[EventType "swiss (rapid)"]
[EventRounds "10"]
[EventCountry "ROU"]
[SourceTitle "CBM 220 Extra"]
[Source "ChessBase"]
[SourceDate "2024.07.31"]
[SourceVersion "1"]
[SourceVersionDate "2024.07.31"]
[SourceQuality "1"]

1. e4 e5 2. Nf3 d6 3. d4 exd4 4. Nxd4 Nf6 5. Nc3 Be7 6. g3 0-0 7. Bg2 Re8 8. 0-0 Bf8 9. h3 c6 10. Nde2 a5 11. g4 h6 12. Ng3 Na6 13. Be3 Nc5 14. Qd2 Qc7 15. Bd4 Nfd7 16. f4 b5 17. Nd1 b4 18. Nf2 Ba6 19. Rfe1 Rad8 20. Rad1 Ne5 21. Qc1 Ng6 22. Nh5 Bc8 23. g5 hxg5 24. f5 Nf4 25. Nxf4 gxf4 26. Qxf4 Nd7 27. Ng4 c5 28. Bf2 Ne5 29. Bh4 f6 30. Bf1 Qf7 31. Qg3 Kh8 32. b3 Bb7 33. Bb5 Re7 34. Nxe5 Rxe5 35. Bc4 d5 36. exd5 Rxe1+ 37. Qxe1 Qh5 38. Rd3 Qxf5 39. Qd1 Bd6 40. Qg4 Bc8 41. Qxf5 Bxf5 42. Rf3 Be4 43. Rxf6 Rd7 44. Re6 Bf5 45. Re8+ Kh7 46. Kg2 Bxc2 47. Re2 Bf5 48. Bb5 Rf7 49. Bc4 Bd7 50. Bg3 Rf6 51. Bxd6 Rxd6 52. Re4 Kg6 53. h4 Kf6 54. Kg3 g6 55. Kf4 a4 56. Re1 a3 57. Rc1 Bf5 58. Re1 Rd8 59. Rd1 Rh8 60. Kg3 Ke5 61. d6 Be4 62. d7 Rd8 63. Bf7 Bf5 64. Rd5+ Kf6 65. Be8 Bb1 66. Rxc5 Bxa2 67. Rc8 Ke7 68. Rc4 Bxb3 69. Rxb4 a2 70. Re4+ Kd6 71. Re1 Be6 72. Ra1 Rb8 73. Kf4 Ke7 74. Rd1 Kd8 75. Bxg6 Rb4+ 76. Kg5 Rb5+ 77. Kf6 Bxd7 78. Bf7 Rf5+ 79. Kg7 Rf2 80. Ra1 Rg2+ 81. Kf6 Rf2+ 82. Kg7 Rg2+ 83. Kf6 Rf2+ 84. Kg7 Rh2 85. h5 Rg2+ 86. Kf6 Rf2+ 87. Kg7 Rg2+ 88. Kf6 Rf2+ 89. Kg7 Rg2+ 1/2-1/2

[Event "Izmir Arena IM3"]
[Site "Izmir"]
[Date "2024.05.16"]
[Round "6"]
[White "Burcu, Cagatay"]
[Black "Soltanici, Ruslan"]
[Result "1/2-1/2"]
[WhiteElo "2303"]
[BlackElo "2339"]
[PlyCount "61"]
[EventDate "2024.05.13"]
[EventType "tourn"]
[EventRounds "9"]
[EventCountry "TUR"]
[SourceTitle "CBM 220 Extra"]
[Source "ChessBase"]
[SourceDate "2024.07.31"]
[SourceVersion "1"]
[SourceVersionDate "2024.07.31"]
[SourceQuality "1"]

1. d4 Nf6 2. Nf3 d5 3. Bf4 c5 4. e3 Nc6 5. Nbd2 e6 6. c3 Nh5 7. Bg5 Qb6 8. dxc5 Bxc5 9. b4 Bf8 10. Be2 h6 11. Bh4 g5 12. Bg3 Nxg3 13. hxg3 Bg7 14. Rc1 Bd7 15. Qb3 g4 16. Nd4 h5 17. a4 Nxd4 18. cxd4 f5 19. a5 Qd8 20. Bd3 Rc8 21. Ke2 Rxc1 22. Rxc1 h4 23. gxh4 Rxh4 24. g3 Rh2 25. Qc3 Bf8 26. Nf1 Rh1 27. b5 Bd6 28. a6 b6 29. Nd2 Rh2 30. Nf1 Rh1 31. Nd2 1/2-1/2

[Event "Izmir Arena IM3"]
[Site "Izmir"]
[Date "2024.05.14"]
[Round "3"]
[White "Soltanici, Ruslan"]
[Black "Akman, Ozgur"]
[Result "1-0"]
[WhiteElo "2339"]
[BlackElo "1977"]
[PlyCount "51"]
[EventDate "2024.05.13"]
[EventType "tourn"]
[EventRounds "9"]
[EventCountry "TUR"]
[SourceTitle "CBM 220 Extra"]
[Source "ChessBase"]
[SourceDate "2024.07.31"]
[SourceVersion "1"]
[SourceVersionDate "2024.07.31"]
[SourceQuality "1"]

1. e4 e5 2. Nf3 Nf6 3. Nxe5 d6 4. Nf3 Nxe4 5. c4 Nc6 6. Nc3 Nxc3 7. dxc3 Be7 8. Qc2 Bg4 9. Be3 Qd7 10. Bd3 Bxf3 11. Bf5 Qd8 12. gxf3 g6 13. Bh3 0-0 14. f4 Bf6 15. 0-0-0 Qe7 16. Bg2 Rfe8 17. h4 Qe6 18. h5 Rab8 19. hxg6 hxg6 20. Bd5 Qf5 21. Qxf5 gxf5 22. Rdg1+ Kf8 23. Rh6 Ke7 24. Re1 Bg7 25. Rh7 Kf6 26. Rg1 1-0

[Event "Izmir Arena IM3"]
[Site "Izmir"]
[Date "2024.05.13"]
[Round "1"]
[White "Citak, Selim"]
[Black "Soltanici, Ruslan"]
[Result "1-0"]
[WhiteElo "2327"]
[BlackElo "2339"]
[PlyCount "117"]
[EventDate "2024.05.13"]
[EventType "tourn"]
[EventRounds "9"]
[EventCountry "TUR"]
[SourceTitle "CBM 220 Extra"]
[Source "ChessBase"]
[SourceDate "2024.07.31"]
[SourceVersion "1"]
[SourceVersionDate "2024.07.31"]
[SourceQuality "1"]

1. d4 Nf6 2. c4 e6 3. Nf3 Bb4+ 4. Nbd2 b6 5. a3 Bxd2+ 6. Qxd2 Bb7 7. e3 a5 8. b3 0-0 9. Be2 d6 10. Bb2 Nbd7 11. 0-0 Qe7 12. Rfd1 Ne4 13. Qc2 f5 14. d5 e5 15. Nd2 Nxd2 16. Qxd2 Nc5 17. Qc2 a4 18. b4 Nb3 19. Rab1 c6 20. dxc6 Bxc6 21. f3 Rf6 22. Bf1 Rg6 23. Qf2 Re8 24. Bc3 Rc8 25. Be1 Qb7 26. Kh1 b5 27. Rb2 d5 28. c5 Re8 29. Bc3 f4 30. exf4 d4 31. Bd2 Rf8 32. Re1 e4 33. fxe4 Bxe4 34. Kg1 Rgf6 35. Rxb3 axb3 36. Qxd4 Bc6 37. Qd3 Qf7 38. Rb1 Bd5 39. Qxb5 Rd8 40. Qd3 Qc7 41. Qc3 Qf7 42. b5 Rg6 43. g3 Qf5 44. Re1 h5 45. c6 h4 46. c7 Rc8 47. Re5 Qc2 48. Qxc2 bxc2 49. Rxd5 Rxc7 50. Bc1 hxg3 51. hxg3 Rxg3+ 52. Kf2 Rb3 53. Ke1 Re7+ 54. Kd2 Rf3 55. Rd8+ Kh7 56. Bd3+ g6 57. Kxc2 Rc7+ 58. Kd1 Rg3 59. Bb2 1-0

[Event "Izmir Arena IM2"]
[Site "Izmir"]
[Date "2024.05.12"]
[Round "9"]
[White "Al Saleh, Mohammad"]
[Black "Soltanici, Ruslan"]
[Result "0-1"]
[WhiteElo "2057"]
[BlackElo "2347"]
[PlyCount "46"]
[EventDate "2024.05.08"]
[EventType "tourn"]
[EventRounds "10"]
[EventCountry "TUR"]
[SourceTitle "CBM 220 Extra"]
[Source "ChessBase"]
[SourceDate "2024.07.31"]
[SourceVersion "1"]
[SourceVersionDate "2024.07.31"]
[SourceQuality "1"]

1. e4 c5 2. Nf3 Nc6 3. Nc3 Nf6 4. d4 cxd4 5. Nxd4 d6 6. Bc4 Qb6 7. Nb3 e6 8. 0-0 Be7 9. a4 0-0 10. Qe2 Qc7 11. Kh1 Ne5 12. Bd3 b6 13. a5 Nxd3 14. cxd3 b5 15. Bd2 a6 16. Rfc1 Qb7 17. Na2 e5 18. Nb4 Be6 19. Qd1 Rac8 20. f3 d5 21. Rxc8 Rxc8 22. Rc1 dxe4 23. Rxc8+ Qxc8 0-1

[Event "Izmir Arena IM2"]
[Site "Izmir"]
[Date "2024.05.10"]
[Round "5"]
[White "Baltag, Iulian"]
[Black "Soltanici, Ruslan"]
[Result "1/2-1/2"]
[WhiteElo "2418"]
[BlackElo "2347"]
[PlyCount "60"]
[EventDate "2024.05.08"]
[EventType "tourn"]
[EventRounds "10"]
[EventCountry "TUR"]
[SourceTitle "CBM 220 Extra"]
[Source "ChessBase"]
[SourceDate "2024.07.31"]
[SourceVersion "1"]
[SourceVersionDate "2024.07.31"]
[SourceQuality "1"]

1. d4 Nf6 2. c4 e6 3. Nc3 Bb4 4. e3 0-0 5. Nge2 d5 6. a3 Be7 7. Ng3 Re8 8. Bd3 Nbd7 9. 0-0 c5 10. cxd5 exd5 11. dxc5 Nxc5 12. Be2 Be6 13. b4 Ncd7 14. Bb2 a6 15. Qd4 Nb6 16. Rfd1 Rc8 17. Rac1 Nc4 18. Bxc4 Rxc4 19. Qd3 Qd7 20. Nce2 Rxc1 21. Rxc1 Rc8 22. Rxc8+ Qxc8 23. Nd4 Ne8 24. Ndf5 Bf8 25. h3 Qc4 26. Qd2 Qc8 27. Qd3 Qc4 28. Qd2 Qc8 29. Qd3 Qc4 30. Qd2 Qc8 1/2-1/2

[Event "Izmir Arena IM2"]
[Site "Izmir"]
[Date "2024.05.09"]
[Round "4"]
[White "Soltanici, Ruslan"]
[Black "Al Saleh, Mohammad"]
[Result "1-0"]
[WhiteElo "2347"]
[BlackElo "2057"]
[PlyCount "39"]
[EventDate "2024.05.08"]
[EventType "tourn"]
[EventRounds "10"]
[EventCountry "TUR"]
[SourceTitle "CBM 220 Extra"]
[Source "ChessBase"]
[SourceDate "2024.07.31"]
[SourceVersion "1"]
[SourceVersionDate "2024.07.31"]
[SourceQuality "1"]

1. e4 c5 2. Nf3 d6 3. d4 cxd4 4. Nxd4 Nf6 5. Nc3 Nc6 6. Bg5 e6 7. Qd2 a6 8. 0-0-0 Be7 9. f3 Bd7 10. h4 b5 11. Nxc6 Bxc6 12. Kb1 Qb8 13. Ne2 h6 14. Be3 a5 15. Nd4 Bd7 16. g4 b4 17. Bh3 Nh7 18. g5 hxg5 19. hxg5 Nf8 20. Bxe6 1-0

[Event "Izmir Arena IM2"]
[Site "Izmir"]
[Date "2024.05.09"]
[Round "3"]
[White "Yalcinkaya, Efe"]
[Black "Soltanici, Ruslan"]
[Result "1/2-1/2"]
[WhiteElo "2029"]
[BlackElo "2347"]
[PlyCount "49"]
[EventDate "2024.05.08"]
[EventType "tourn"]
[EventRounds "10"]
[EventCountry "TUR"]
[SourceTitle "CBM 220 Extra"]
[Source "ChessBase"]
[SourceDate "2024.07.31"]
[SourceVersion "1"]
[SourceVersionDate "2024.07.31"]
[SourceQuality "1"]

1. d4 Nf6 2. c4 c5 3. d5 b5 4. cxb5 a6 5. e3 g6 6. Nc3 Bg7 7. Nf3 0-0 8. Bd2 e6 9. dxe6 fxe6 10. Rc1 d5 11. bxa6 Nxa6 12. Bd3 Nb4 13. Bb1 Ba6 14. Na4 Bc8 15. 0-0 Na6 16. Nxc5 Nxc5 17. Rxc5 Ne4 18. Bxe4 dxe4 19. Nd4 Kh8 20. Bc3 Qe7 21. b4 Rxa2 22. Qb1 Ra3 23. Qb2 Ra8 24. h3 Bb7 25. Nxe6 1/2-1/2

[Event "Izmir Arena IM2"]
[Site "Izmir"]
[Date "2024.05.08"]
[Round "1"]
[White "Gur, Ali1"]
[Black "Soltanici, Ruslan"]
[Result "1/2-1/2"]
[WhiteElo "1899"]
[BlackElo "2347"]
[PlyCount "63"]
[EventDate "2024.05.08"]
[EventType "tourn"]
[EventRounds "10"]
[EventCountry "TUR"]
[SourceTitle "CBM 220 Extra"]
[Source "ChessBase"]
[SourceDate "2024.07.31"]
[SourceVersion "1"]
[SourceVersionDate "2024.07.31"]
[SourceQuality "1"]

1. e4 c5 2. Nc3 Nc6 3. g3 g6 4. Bg2 Bg7 5. d3 d6 6. f4 e6 7. Nf3 Nge7 8. 0-0 0-0 9. Be3 b6 10. Bf2 e5 11. Rb1 h6 12. Ne2 Bg4 13. h3 Be6 14. a3 Qd7 15. Kh2 d5 16. exd5 Bxd5 17. fxe5 Nxe5 18. Nf4 Bb7 19. Re1 N7c6 20. Nd2 Rfe8 21. Ne4 f5 22. Nd2 Rad8 23. b4 cxb4 24. axb4 Kh7 25. Kg1 Nd4 26. Bxb7 Qxb7 27. Bxd4 Rxd4 28. c3 Rdd8 29. d4 Nf7 30. Ne6 Rc8 31. Qb3 b5 32. Kh2 1/2-1/2

[Event "Bucharest Grand Prix op"]
[Site "Bucharest"]
[Date "2024.03.24"]
[Round "9"]
[White "Luncasu, Raul Ionut"]
[Black "Soltanici, Ruslan"]
[Result "0-1"]
[WhiteElo "2155"]
[BlackElo "2339"]
[PlyCount "68"]
[EventDate "2024.03.23"]
[EventType "swiss (rapid)"]
[EventRounds "10"]
[EventCountry "ROU"]
[SourceTitle "CBM 219 Extra"]
[Source "ChessBase"]
[SourceDate "2024.05.31"]
[SourceVersion "1"]
[SourceVersionDate "2024.05.31"]
[SourceQuality "1"]

1. e4 c5 2. Nf3 d6 3. d4 cxd4 4. Nxd4 Nf6 5. Nc3 a6 6. Bc4 e6 7. 0-0 Be7 8. Qf3 Qc7 9. Bb3 Nc6 10. Nxc6 bxc6 11. Qg3 0-0 12. Bh6 Ne8 13. Rad1 Kh8 14. Be3 Nf6 15. f4 d5 16. e5 Nd7 17. Na4 a5 18. c4 Ba6 19. cxd5 cxd5 20. Rc1 Qb7 21. Rf2 Rac8 22. Rxc8 Qxc8 23. f5 Qd8 24. Rd2 Qb8 25. Bd4 Qb4 26. f6 gxf6 27. exf6 Bxf6 28. Bxf6+ Nxf6 29. Rd1 Rg8 30. Qe5 Rg6 31. Bc2 Qg4 32. Rd2 Rh6 33. Rf2 Kg7 34. Nc5 Bc8 0-1

[Event "Bucharest Grand Prix op"]
[Site "Bucharest"]
[Date "2024.03.24"]
[Round "5"]
[White "Sofronie, Vladimir"]
[Black "Soltanici, Ruslan"]
[Result "0-1"]
[WhiteElo "1990"]
[BlackElo "2339"]
[PlyCount "76"]
[EventDate "2024.03.23"]
[EventType "swiss (rapid)"]
[EventRounds "10"]
[EventCountry "ROU"]
[SourceTitle "CBM 219 Extra"]
[Source "ChessBase"]
[SourceDate "2024.05.31"]
[SourceVersion "1"]
[SourceVersionDate "2024.05.31"]
[SourceQuality "1"]

1. d4 Nf6 2. Bf4 d5 3. e3 c5 4. c3 Nc6 5. Nd2 Bf5 6. Ngf3 Qb6 7. Nh4 Bg4 8. Qb3 c4 9. Qc2 h6 10. h3 Bd7 11. Nhf3 g6 12. e4 e6 13. e5 Nh7 14. Be2 Qa5 15. 0-0 g5 16. Be3 Be7 17. Nh2 0-0-0 18. b3 cxb3 19. axb3 Qc7 20. Bd3 f5 21. exf6 Nxf6 22. b4 Bd6 23. Nhf3 g4 24. hxg4 Nxg4 25. Nb3 Rdf8 26. Qe2 Rhg8 27. b5 Nb8 28. Rxa7 Bc5 29. Ne5 Nxe5 30. dxe5 Bxa7 31. Bxa7 b6 32. Ra1 Kb7 33. c4 Rg5 34. c5 Qxe5 35. Qa2 Rfg8 36. g3 Rxg3+ 37. fxg3 Qxg3+ 38. Kh1 Qh3+ 0-1

[Event "Titled Tuesday intern op 19th Mar Late"]
[Site "Chess.com INT"]
[Date "2024.03.19"]
[Round "2"]
[White "Sargsyan, Shant"]
[Black "Soltanici, Ruslan"]
[Result "1-0"]
[WhiteElo "2637"]
[BlackElo "2339"]
[PlyCount "115"]
[EventDate "2024.03.19"]
[EventType "swiss (blitz)"]
[EventRounds "11"]
[EventCountry "USA"]
[SourceTitle "EXT 2025"]
[Source "ChessBase"]
[SourceDate "2024.10.14"]
[SourceVersion "1"]
[SourceVersionDate "2024.10.14"]
[SourceQuality "1"]

1. c4 c5 2. g3 Nc6 3. Bg2 g6 4. Nc3 Bg7 5. d3 d6 6. Qd2 e5 7. h4 h6 8. b3 Nge7 9. Bb2 Be6 10. Nd5 Rb8 11. e3 Qd7 12. Ne2 0-0 13. Nec3 f5 14. a3 a6 15. Nb6 Qd8 16. Ncd5 Nc8 17. Nxc8 Qxc8 18. b4 Qd7 19. 0-0 Ne7 20. Nc3 cxb4 21. axb4 d5 22. c5 g5 23. hxg5 hxg5 24. Ne2 Ng6 25. f4 gxf4 26. gxf4 d4 27. exd4 exd4 28. Kf2 Nh4 29. Rg1 Kf7 30. Bh1 Bf6 31. c6 bxc6 32. Rxa6 Bd5 33. Bxd5+ Qxd5 34. Ra7+ Ke8 35. Rg3 Rg8 36. Rxg8+ Qxg8 37. Ng3 Qd5 38. Qe2+ Kf8 39. Kf1 Re8 40. Qf2 Qb3 41. Ra1 Qd5 42. Re1 Nf3 43. Rxe8+ Kxe8 44. Nxf5 Qxf5 45. Qxf3 Kf7 46. Ke2 Qb5 47. Bc1 Qxb4 48. Qxc6 Qe7+ 49. Qe4 Qd7 50. f5 Qc7 51. Bf4 Qc2+ 52. Kf3 Qd1+ 53. Qe2 Qxe2+ 54. Kxe2 Ke7 55. Kf3 Bg7 56. Ke4 Bf6 57. Be5 Kf7 58. Bxd4 1-0

[Event "Titled Tuesday intern op 19th Mar Late"]
[Site "Chess.com INT"]
[Date "2024.03.19"]
[Round "3"]
[White "Soltanici, Ruslan"]
[Black "Doknjas, Neil"]
[Result "1-0"]
[WhiteElo "2339"]
[BlackElo "2273"]
[PlyCount "39"]
[EventDate "2024.03.19"]
[EventType "swiss (blitz)"]
[EventRounds "11"]
[EventCountry "USA"]
[SourceTitle "EXT 2025"]
[Source "ChessBase"]
[SourceDate "2024.10.14"]
[SourceVersion "1"]
[SourceVersionDate "2024.10.14"]
[SourceQuality "1"]

1. e4 c5 2. Nf3 e6 3. Nc3 Nc6 4. d4 cxd4 5. Nxd4 Qc7 6. Be2 a6 7. 0-0 Nf6 8. Be3 Be7 9. f4 d6 10. g4 b5 11. Nxc6 Qxc6 12. Bf3 Nd7 13. e5 d5 14. Nxd5 exd5 15. Bxd5 Qg6 16. Bxa8 h5 17. g5 f6 18. f5 Qh7 19. g6 Qg8 20. e6 1-0

[Event "Titled Tuesday intern op 19th Mar Late"]
[Site "Chess.com INT"]
[Date "2024.03.19"]
[Round "10"]
[White "Soltanici, Ruslan"]
[Black "Pakleza, Zbigniew"]
[Result "0-1"]
[WhiteElo "2339"]
[BlackElo "2482"]
[PlyCount "58"]
[EventDate "2024.03.19"]
[EventType "swiss (blitz)"]
[EventRounds "11"]
[EventCountry "USA"]
[SourceTitle "EXT 2025"]
[Source "ChessBase"]
[SourceDate "2024.10.14"]
[SourceVersion "1"]
[SourceVersionDate "2024.10.14"]
[SourceQuality "1"]

1. e4 d6 2. d4 Nf6 3. Nc3 c6 4. Nf3 Bg4 5. h3 Bh5 6. g4 Bg6 7. Qe2 e6 8. h4 h5 9. g5 Nfd7 10. Bh3 Be7 11. d5 cxd5 12. exd5 e5 13. Be3 0-0 14. 0-0-0 Na6 15. Nd2 b5 16. Qxb5 Nac5 17. Nb3 Rb8 18. Qe2 Qc7 19. f4 exf4 20. Bxf4 Rfe8 21. Rhe1 Nxb3+ 22. axb3 Nc5 23. Qh2 Nxb3+ 24. cxb3 Rxb3 25. Re3 Reb8 26. Rde1 Qa5 27. Nb1 Qa1 28. Rxb3 Qxb1+ 29. Kd2 Qc2+ 0-1

[Event "Sebes GP op"]
[Site "Sebes"]
[Date "2023.11.05"]
[Round "9"]
[White "Dobre, Claudiu Cristian"]
[Black "Soltanici, Ruslan"]
[Result "1/2-1/2"]
[WhiteElo "2259"]
[BlackElo "2338"]
[PlyCount "54"]
[EventDate "2023.11.04"]
[EventType "swiss"]
[EventRounds "10"]
[EventCountry "ROU"]
[SourceTitle "CBM 217 Extra"]
[Source "ChessBase"]
[SourceDate "2024.01.31"]
[SourceVersion "1"]
[SourceVersionDate "2024.01.31"]
[SourceQuality "1"]

1. d4 Nf6 2. Nf3 e6 3. Bg5 h6 4. Bh4 d6 5. Nbd2 g5 6. Bg3 Nh5 7. e4 Bg7 8. c3 Nd7 9. Bd3 b6 10. Nc4 Qe7 11. Nfd2 Nxg3 12. hxg3 Bb7 13. Qe2 d5 14. exd5 Bxd5 15. Ne3 Bb7 16. Be4 c6 17. g4 Nf6 18. Bf3 Nd5 19. g3 Qc7 20. 0-0-0 0-0-0 21. Rhe1 Kb8 22. Kb1 Rhe8 23. Nxd5 cxd5 24. Qd3 Rc8 25. Rc1 Qd7 26. Qh7 Bf8 27. Be2 Rc7 1/2-1/2

[Event "Satu Mare Szabo Memorial IM"]
[Site "Satu Mare"]
[Date "2023.08.20"]
[Round "9"]
[White "Voege, Tobias"]
[Black "Soltanici, Ruslan"]
[Result "1/2-1/2"]
[WhiteElo "2257"]
[BlackElo "2357"]
[PlyCount "33"]
[EventDate "2023.08.14"]
[EventType "tourn"]
[EventRounds "9"]
[EventCountry "ROU"]
[SourceTitle "CBM 215 Extra"]
[Source "ChessBase"]
[SourceDate "2023.09.30"]
[SourceVersion "1"]
[SourceVersionDate "2023.09.30"]
[SourceQuality "1"]

1. d4 Nf6 2. c4 e6 3. Nf3 b6 4. a3 Ba6 5. Qc2 Bb7 6. Nc3 c5 7. e4 cxd4 8. Nxd4 d6 9. Be2 a6 10. Be3 Qc7 11. 0-0 Be7 12. f3 0-0 13. Rfd1 Nbd7 14. Bf1 Rac8 15. Qf2 Qb8 16. Na4 Bd8 17. b4 1/2-1/2

[Event "Arad op 16th"]
[Site "Arad"]
[Date "2023.08.09"]
[Round "4"]
[White "Soltanici, Ruslan"]
[Black "Rouda Essa, Alserkal"]
[Result "1-0"]
[WhiteElo "2357"]
[BlackElo "1775"]
[PlyCount "87"]
[EventDate "2023.08.07"]
[EventType "swiss"]
[EventRounds "9"]
[EventCountry "ROU"]
[SourceTitle "EXT 2024"]
[Source "ChessBase"]
[SourceDate "2023.10.10"]
[SourceVersion "1"]
[SourceVersionDate "2023.10.10"]
[SourceQuality "1"]

1. e4 e5 2. Nf3 Nc6 3. Bb5 a6 4. Ba4 Nf6 5. 0-0 Nxe4 6. d4 b5 7. Bb3 d5 8. dxe5 Be6 9. c3 Bc5 10. Qd3 0-0 11. Nbd2 f5 12. exf6 Nxf6 13. a4 Rb8 14. axb5 axb5 15. Ng5 Qd7 16. Nde4 Ne5 17. Nxc5 Nxd3 18. Nxd7 Bxd7 19. Be3 Nxb2 20. Ra7 c6 21. Bc2 Bg4 22. Bc5 Rfe8 23. Bd4 Ra8 24. Rc7 Rac8 25. Ra7 Ra8 26. Bxh7+ Kh8 27. Bg6 Rxa7 28. Bxa7 Ra8 29. Bd4 Be2 30. Re1 Nd3 31. Nf7+ Kg8 32. Bxd3 Bxd3 33. Ne5 Bc4 34. Nxc6 Ra6 35. Nb4 Ra3 36. f3 Kf7 37. g4 Kg6 38. Kf2 Rb3 39. h4 Rb2+ 40. Kg3 Be2 41. h5+ Kf7 42. Ra1 Bc4 43. Ra7+ Kg8 44. h6 1-0